[Event "HUN-chT2 Szechenyi 1011"]
[Site "Hungary"]
[Date "2011.05.15"]
[Round "11.3"]
[White "Marton, Gabriella"]
[Black "Varga, Tibor Jr"]
[Result "1/2-1/2"]
[WhiteElo "2075"]
[BlackElo "2090"]
[PlyCount "77"]
[EventDate "2010.09.12"]
[EventType "team-tourn"]
[EventRounds "11"]
[EventCountry "HUN"]
[SourceTitle "EXT 2012"]
[Source "ChessBase"]
[SourceDate "2011.11.24"]
[SourceVersion "1"]
[SourceVersionDate "2011.11.24"]
[SourceQuality "1"]
[WhiteTeam "Arboretum"]
[BlackTeam "HVSE Infraplan"]
[WhiteTeamCountry "HUN"]
[BlackTeamCountry "HUN"]

1. d4 Nf6 2. c4 d5 3. Nf3 c6 4. e3 Bg4 5. Nbd2 Nbd7 6. h3 Bh5 7. Be2 e6 8. a3 Bd6 9. 0-0 Rc8 10. b3 Bb8 11. Bb2 Ne4 12. Ne5 Bxe2 13. Qxe2 Nxd2 14. Qxd2 Qc7 15. f4 Nf6 16. Rac1 Ne4 17. Qe1 Qb6 18. b4 Bxe5 19. fxe5 f6 20. exf6 Nxf6 21. Rf4 0-0 22. c5 Qc7 23. Qh4 h6 24. Rcf1 g5 25. Qg3 Qg7 26. R4f3 Ne4 27. Qe5 Qxe5 28. dxe5 Nd2 29. Rxf8+ Rxf8 30. Rxf8+ Kxf8 31. Bd4 Kf7 32. g4 h5 33. Kf2 hxg4 34. hxg4 Ke7 35. Ke2 Nc4 36. a4 Kd7 37. Kd3 a5 38. bxa5 Nxa5 39. Bc3 1/2-1/2

[Event "HUN-chT2 Charousek 1011"]
[Site "Hungary"]
[Date "2011.03.27"]
[Round "7"]
[White "Varga, Tibor Jr"]
[Black "Palla, Gyorgy"]
[Result "0-1"]
[WhiteElo "2090"]
[BlackElo "2095"]
[PlyCount "94"]
[EventDate "2010.09.12"]
[EventType "team-tourn"]
[EventRounds "11"]
[EventCountry "HUN"]
[SourceTitle "EXT 2012"]
[Source "ChessBase"]
[SourceDate "2011.11.24"]
[SourceVersion "1"]
[SourceVersionDate "2011.11.24"]
[SourceQuality "1"]
[WhiteTeam "Haladas II"]
[BlackTeam "Balatonfuered"]
[WhiteTeamCountry "HUN"]
[BlackTeamCountry "HUN"]

1. e4 c5 2. Nf3 d6 3. Bb5+ Nc6 4. d4 cxd4 5. Nxd4 Bd7 6. 0-0 g6 7. b3 Bg7 8. Bb2 Qb6 9. Bxc6 Bxc6 10. Re1 Nf6 11. Nd2 0-0 12. e5 dxe5 13. Nc4 Qc7 14. Nxc6 Qxc6 15. Nxe5 Qc7 16. Qe2 Rfd8 17. Ba3 Rd4 18. f3 Nd5 19. Bb2 Bxe5 20. Qxe5 Qxe5 21. Rxe5 Rd2 22. c4 Nf4 23. Ba3 e6 24. Re4 g5 25. Kf1 f5 26. Bb4 Rd3 27. Ree1 Kf7 28. Bc5 a6 29. Be3 e5 30. g3 Ne6 31. Rad1 Rad8 32. Ke2 Rxd1 33. Rxd1 Rxd1 34. Kxd1 f4 35. Bf2 h5 36. h4 fxg3 37. Bxg3 Kf6 38. hxg5+ Nxg5 39. Ke2 Kf5 40. Ke3 e4 41. f4 Nf3 42. b4 h4 43. Bf2 h3 44. Bg3 Kg4 45. Bh2 Nxh2 46. b5 axb5 47. cxb5 Nf3 0-1

[Event "HUN-chT2 Charousek 0910"]
[Site "Hungary"]
[Date "2010.01.31"]
[Round "5"]
[White "Cibulka, Vladimir"]
[Black "Varga, Tibor Jr"]
[Result "1-0"]
[WhiteElo "2259"]
[BlackElo "2079"]
[PlyCount "75"]
[EventDate "2009.11.08"]
[EventType "team-tourn"]
[EventRounds "11"]
[EventCountry "HUN"]
[SourceTitle "EXT 2011"]
[Source "ChessBase"]
[SourceDate "2010.11.26"]
[SourceVersion "1"]
[SourceVersionDate "2010.11.26"]
[SourceQuality "1"]
[WhiteTeam "Pannonpower"]
[BlackTeam "Haladas II"]
[WhiteTeamCountry "HUN"]
[BlackTeamCountry "HUN"]

1. d4 Nf6 2. Nf3 d6 3. Bf4 Bg4 4. Nbd2 Nc6 5. h3 Bxf3 6. Nxf3 e6 7. e3 a6 8. Be2 Be7 9. 0-0 0-0 10. c4 Qc8 11. Rc1 Nd7 12. d5 Nd8 13. e4 e5 14. Be3 h6 15. Qc2 c5 16. dxc6 Qxc6 17. Nd2 Ne6 18. Bg4 Rac8 19. Bxe6 fxe6 20. Qd3 Rf6 21. b4 Nf8 22. Nf3 Ng6 23. Rfe1 Qe8 24. c5 Rxf3 25. gxf3 dxc5 26. Qb3 Bf8 27. bxc5 Nh4 28. Kf1 Nxf3 29. Red1 Kh8 30. Rd3 Qc6 31. Qc4 b5 32. cxb6 Qxc4 33. Rxc4 Rxc4 34. Rd8 Kg8 35. b7 Rb4 36. b8Q Rxb8 37. Rxb8 Kf7 38. Ra8 1-0

[Event "HUN-chT2 Charousek 0809"]
[Site "Hungary"]
[Date "2008.10.26"]
[Round "1"]
[White "Varga, Tibor Jr"]
[Black "Kadar, Gabor"]
[Result "1/2-1/2"]
[WhiteElo "2075"]
[BlackElo "2224"]
[PlyCount "98"]
[EventDate "2008.10.26"]
[EventType "team-tourn"]
[EventRounds "11"]
[EventCountry "HUN"]
[SourceTitle "EXT 2010"]
[Source "ChessBase"]
[SourceDate "2010.11.25"]
[SourceVersion "1"]
[SourceVersionDate "2010.11.25"]
[SourceQuality "1"]
[WhiteTeam "Haladas II"]
[BlackTeam "Pannonpower"]
[WhiteTeamCountry "HUN"]
[BlackTeamCountry "HUN"]

1. e4 c5 2. Nf3 Nc6 3. Bb5 Qb6 4. Nc3 e6 5. 0-0 Nge7 6. Re1 Nd4 7. Bf1 d6 8. b3 Nec6 9. Bb2 Be7 10. Nxd4 cxd4 11. Nb5 a6 12. Na3 0-0 13. Nc4 Qc7 14. a4 b6 15. f4 Bb7 16. e5 d5 17. Na3 Rac8 18. Qg4 Bc5 19. Kh1 Ne7 20. Bd3 g6 21. Rf1 f5 22. exf6 Rxf6 23. b4 Bxb4 24. Bxd4 Rf5 25. Qe2 Rf7 26. Qxe6 Nc6 27. Bc3 Bxc3 28. dxc3 Nd8 29. Qe3 Qxc3 30. Qxb6 Rxf4 31. Rxf4 Qxa1+ 32. Nb1 Qe5 33. Qf2 Ne6 34. Rf7 Nc5 35. Nd2 a5 36. Bb5 Ba8 37. Nf3 Qa1+ 38. Ne1 Ne4 39. Qf1 Nd6 40. Rd7 Re8 41. Nf3 Qxf1+ 42. Bxf1 Nf5 43. Ra7 d4 44. Kg1 Bxf3 45. gxf3 Rc8 46. Bd3 Ne3 47. Rxa5 Nxc2 48. Rd5 Ne1 49. Be4 Rc3 1/2-1/2

[Event "HUN-chT 0708"]
[Site "Hungary"]
[Date "2008.04.27"]
[Round "10"]
[White "Varga, Tibor Jr"]
[Black "Szekeres, Robert"]
[Result "1/2-1/2"]
[WhiteElo "2066"]
[BlackElo "2238"]
[PlyCount "75"]
[EventDate "2007.10.14"]
[EventType "team"]
[EventRounds "11"]
[EventCountry "HUN"]
[SourceTitle "EXT 2009"]
[Source "ChessBase"]
[SourceDate "2008.11.26"]
[SourceVersion "1"]
[SourceVersionDate "2008.11.26"]
[SourceQuality "1"]
[WhiteTeam "Haladas"]
[BlackTeam "Statisztika"]
[WhiteTeamCountry "HUN"]
[BlackTeamCountry "HUN"]

1. e4 c5 2. Nf3 e6 3. b3 Nc6 4. Bb2 Nge7 5. Nc3 d6 6. d4 cxd4 7. Nxd4 a6 8. Nxc6 bxc6 9. Bd3 e5 10. 0-0 g5 11. Ne2 Ng6 12. c4 Be6 13. Qd2 Qf6 14. Rad1 Rg8 15. Bc1 Nh4 16. Qe3 Be7 17. Ng3 Rg6 18. Nf5 Nxf5 19. exf5 Bxf5 20. Qf3 Bd7 21. Qxf6 Rxf6 22. Bxg5 Re6 23. Bxe7 Kxe7 24. Bxh7 Rh6 25. Bd3 Rah8 26. h3 Rg8 27. Kh2 f5 28. Rfe1 f4 29. Bf1 c5 30. Rd3 Bc6 31. g3 Kf7 32. Bg2 Bxg2 33. Kxg2 Rf6 34. g4 Ke6 35. Kf3 Rh8 36. Rh1 Rfh6 37. Ke4 Rh4 38. Rhd1 1/2-1/2

[Event "HUN-chT2 Szechenyi 0506"]
[Site "Hungary"]
[Date "2005.12.04"]
[Round "5"]
[White "Bende, Ede"]
[Black "Varga, Tibor Jr"]
[Result "1-0"]
[WhiteElo "2175"]
[BlackElo "2062"]
[PlyCount "89"]
[EventDate "2005.10.16"]
[EventType "team"]
[EventRounds "11"]
[EventCountry "HUN"]
[SourceTitle "EXT 2009"]
[Source "ChessBase"]
[SourceDate "2008.11.26"]
[SourceVersion "1"]
[SourceVersionDate "2008.11.26"]
[SourceQuality "1"]
[WhiteTeam "Gyor Komszomol"]
[BlackTeam "HVSE Infraplan II"]
[WhiteTeamCountry "HUN"]
[BlackTeamCountry "HUN"]

1. d4 d6 2. c4 Nf6 3. Nc3 Nbd7 4. e4 e5 5. d5 c6 6. a3 a5 7. Be2 Nc5 8. Qc2 a4 9. Be3 Nfd7 10. Nf3 Be7 11. 0-0 0-0 12. Rad1 Qa5 13. Nd2 Bf6 14. Kh1 Re8 15. g4 h6 16. Nf3 Be7 17. Rg1 Nb3 18. g5 hxg5 19. Bxg5 Bxg5 20. Rxg5 f6 21. Rg2 c5 22. Nh4 Nf8 23. Bh5 Re7 24. Ng6 Rd7 25. Nxf8 Kxf8 26. Bg6 Nd4 27. Qd3 Qd8 28. Qh3 Ke7 29. Qh7 Qf8 30. Bf5 Nxf5 31. exf5 Kd8 32. Rdg1 g5 33. fxg6 Rg7 34. Nb5 Ra6 35. Qh5 Bd7 36. h4 Rb6 37. Qd1 Qh8 38. Rh2 Qh6 39. h5 Be8 40. Qf3 Ke7 41. Qe3 Qh8 42. Qd2 Bxb5 43. cxb5 Rxb5 44. h6 Rg8 45. Qc2 1-0

[Event "HUN-chT2 Szechenyi 0506"]
[Site "Hungary"]
[Date "2005.10.30"]
[Round "2"]
[White "Oltean, Gusztav"]
[Black "Varga, Tibor Jr"]
[Result "1-0"]
[WhiteElo "2197"]
[BlackElo "2062"]
[PlyCount "101"]
[EventDate "2005.10.16"]
[EventType "team"]
[EventRounds "11"]
[EventCountry "HUN"]
[SourceTitle "EXT 2009"]
[Source "ChessBase"]
[SourceDate "2008.11.26"]
[SourceVersion "1"]
[SourceVersionDate "2008.11.26"]
[SourceQuality "1"]
[WhiteTeam "HEMO"]
[BlackTeam "HVSE Infraplan II"]
[WhiteTeamCountry "HUN"]
[BlackTeamCountry "HUN"]

1. Nf3 Nf6 2. g3 d6 3. d4 Nbd7 4. Bg2 e5 5. dxe5 dxe5 6. 0-0 Bc5 7. e3 c6 8. b3 Qe7 9. Bb2 0-0 10. c4 Ng4 11. h3 Ngf6 12. Qc2 h6 13. a3 a5 14. Nc3 Re8 15. Nd2 Qe6 16. Na4 Bd6 17. c5 Bc7 18. Nc4 e4 19. Rad1 Nd5 20. Rd2 b5 21. cxb6 N7xb6 22. Naxb6 Nxb6 23. Nxb6 Bxb6 24. Rfd1 Bc7 25. Rd4 f5 26. Rc4 Bb7 27. Bf1 Qe7 28. Rcd4 Rad8 29. Bc4+ Kh7 30. R1d2 Bb6 31. Rxd8 Rxd8 32. Rxd8 Bxd8 33. Qd2 Bc8 34. Bc3 Qc7 35. b4 axb4 36. Bxb4 Qd7 37. Qc2 Be7 38. Bxe7 Qxe7 39. Qc3 Qd6 40. Be2 c5 41. a4 Qc6 42. Bb5 Qb6 43. Qe5 Be6 44. g4 g6 45. Qf6 Qd6 46. Be8 Qd1+ 47. Kh2 Bc4 48. Qxg6+ Kh8 49. Qxh6+ Kg8 50. Qg6+ Kh8 51. Qxf5 1-0

[Event "HUN-chT2 Szechenyi 0506"]
[Site "Hungary"]
[Date "2005.10.16"]
[Round "1"]
[White "Takacs, Balazs"]
[Black "Varga, Tibor Jr"]
[Result "1-0"]
[WhiteElo "2150"]
[BlackElo "2062"]
[PlyCount "73"]
[EventDate "2005.10.16"]
[EventType "team"]
[EventRounds "11"]
[EventCountry "HUN"]
[SourceTitle "EXT 2009"]
[Source "ChessBase"]
[SourceDate "2008.11.26"]
[SourceVersion "1"]
[SourceVersionDate "2008.11.26"]
[SourceQuality "1"]
[WhiteTeam "Kvarosi Zeg"]
[BlackTeam "HVSE Infraplan II"]
[WhiteTeamCountry "HUN"]
[BlackTeamCountry "HUN"]

1. e4 d6 2. Nf3 Nf6 3. Nc3 e5 4. d4 Nbd7 5. h3 Be7 6. Be3 c6 7. Qd2 h6 8. Bd3 a6 9. g4 b5 10. Ne2 Bb7 11. c3 Qc7 12. Ng3 d5 13. Nf5 Bf8 14. dxe5 Nxe5 15. Nxe5 Qxe5 16. f4 Qc7 17. e5 Nd7 18. e6 fxe6 19. Nd4 Qd6 20. Bg6+ Kd8 21. f5 e5 22. Ne6+ Ke7 23. Qf2 d4 24. cxd4 Qb4+ 25. Kf1 c5 26. dxe5 Qc4+ 27. Kg1 Nxe5 28. Bxc5+ Kd7 29. Rd1+ Bd5 30. Bxf8 Rhxf8 31. Nf4 Kc6 32. Nxd5 Qc5 33. Qxc5+ Kxc5 34. Nf4 Rf6 35. Rd5+ Kc4 36. Rxe5 Kd4 37. Re2 1-0

[Event "HUN-chT 0405"]
[Site "Hungary"]
[Date "2005.03.06"]
[Round "9"]
[White "Hujbert, Florian"]
[Black "Varga, Tibor Jr"]
[Result "1-0"]
[WhiteElo "2019"]
[BlackElo "2079"]
[PlyCount "73"]
[EventDate "2004.09.26"]
[EventType "team-tourn"]
[EventRounds "11"]
[EventCountry "HUN"]
[SourceTitle "EXT 2011"]
[Source "ChessBase"]
[SourceDate "2010.11.26"]
[SourceVersion "1"]
[SourceVersionDate "2010.11.26"]
[SourceQuality "1"]
[WhiteTeam "Vasas"]
[BlackTeam "Haladas"]
[WhiteTeamCountry "HUN"]
[BlackTeamCountry "HUN"]

1. e4 d6 2. d4 Nf6 3. Bd3 Nbd7 4. Ne2 e5 5. c3 c6 6. 0-0 Be7 7. f3 0-0 8. Be3 Re8 9. Bf2 Qc7 10. a4 b6 11. Nd2 a6 12. Nc4 Bb7 13. Ne3 Bf8 14. Qc2 h6 15. f4 b5 16. axb5 cxb5 17. fxe5 dxe5 18. d5 Bc5 19. h3 Qb6 20. Qd2 a5 21. Nf5 Bxf2+ 22. Rxf2 Bxd5 23. exd5 e4 24. Ned4 exd3 25. Nxg7 Ne4 26. Qf4 Nxf2 27. Nxe8 Rxe8 28. Qxf2 a4 29. Rf1 Ne5 30. Qh4 Kg7 31. Kh2 Qg6 32. d6 d2 33. Nf5+ Kf8 34. Qd4 Qe6 35. Qxd2 Rd8 36. Qd4 Ke8 37. Ng7+ 1-0

[Event "HUN-chT U20"]
[Site "Budapest"]
[Date "2004.12.29"]
[Round "4"]
[White "Varga, Tibor Jr"]
[Black "Toth, Daniel Heves"]
[Result "0-1"]
[WhiteElo "2067"]
[BlackElo "2128"]
[PlyCount "83"]
[EventDate "2004.12.27"]
[EventType "team"]
[EventRounds "7"]
[EventCountry "HUN"]
[SourceTitle "EXT 2008"]
[Source "ChessBase"]
[SourceDate "2007.11.25"]
[SourceVersion "1"]
[SourceVersionDate "2007.11.25"]
[SourceQuality "1"]

1. e4 c5 2. Nf3 Nc6 3. Bb5 g6 4. 0-0 Bg7 5. Re1 e5 6. Nc3 Nge7 7. d3 a6 8. Bxc6 bxc6 9. Be3 d6 10. h3 h6 11. Nh2 Rb8 12. Qc1 g5 13. Ne2 Be6 14. Ng3 0-0 15. Nh5 f5 16. Nxg7 Kxg7 17. exf5 Nxf5 18. c3 Qf6 19. Ng4 Qf7 20. Re2 Qd7 21. Kh2 Nxe3 22. Nxe3 Rf4 23. g3 Rf7 24. Qf1 Rbf8 25. Qg2 Rf6 26. b3 Qf7 27. Rf1 Rf3 28. c4 Qg6 29. Rd1 Kh7 30. Rdd2 h5 31. Kg1 d5 32. Kh2 a5 33. a4 Qf6 34. Nd1 h4 35. Re3 hxg3+ 36. fxg3 Rf1 37. Ree2 Rf3 38. Rf2 e4 39. dxe4 dxe4 40. Rxf3 exf3 41. Qf1 g4 42. h4 0-1

[Event "Szombathely op"]
[Site "Szombathely"]
[Date "2004.07.20"]
[Round "3"]
[White "Varga, Tibor Jr"]
[Black "Kernazhitsky, Leonid"]
[Result "0-1"]
[WhiteElo "2079"]
[BlackElo "2355"]
[PlyCount "94"]
[EventDate "2004.07.19"]
[EventType "swiss"]
[EventRounds "9"]
[EventCountry "HUN"]
[SourceTitle "EXT 2008"]
[Source "ChessBase"]
[SourceDate "2007.11.25"]
[SourceVersion "1"]
[SourceVersionDate "2007.11.25"]
[SourceQuality "1"]

1. e4 c5 2. Nf3 Nc6 3. Bb5 e6 4. Bxc6 bxc6 5. b3 Ne7 6. Bb2 f6 7. Nh4 Kf7 8. f4 d5 9. Qe2 dxe4 10. Qxe4 Nf5 11. Nxf5 exf5 12. Qxc6 Qe7+ 13. Kf2 Bb7 14. Qa4 Qc7 15. Qc4+ Kg6 16. Rg1 h5 17. Nc3 Rd8 18. d3 Rd4 19. Qe6 Qxf4+ 20. Ke2 Bd6 21. h3 Bc6 22. Raf1 Qe5+ 23. Qxe5 Bxe5 24. Kd1 Rd7 25. Kc1 Bd4 26. Rh1 Re8 27. Kd2 Rde7 28. g3 Bxh1 29. Rxh1 Re3 30. Rg1 Rxd3+ 31. Kxd3 Bxg1 32. Ne2 Be3 33. h4 f4 34. gxf4 Kf5 35. Ng3+ Kg4 36. Ne4 Bg1 37. Ba3 Kxh4 38. Bxc5 Bxc5 39. Nxc5 Kg3 40. c4 h4 41. Ne4+ Rxe4 42. Kxe4 h3 43. c5 h2 44. Kd5 h1Q+ 45. Kd6 Kxf4 46. c6 Qd1+ 47. Ke7 Ke5 0-1